00341nam a2200133Ia 4500008004100000040001900041041001200060082002500072245003200097260002600129300002400155650001000179850001800189131103s9999 xx 000 0 und d aLoreto College aEnglish a745/CHIbLCBED/10366 aSew soft and cuddly animals a[s.l.]b[s.n.]c[19?] a12p.b pic.c 23cm. aCraft aLCBED/745/CHI